<?xml version="1.0" encoding="UTF-8"?>
<record
    xmlns:xsi="http://www.w3.org/2001/XMLSchema-instance"
    xsi:schemaLocation="http://www.loc.gov/MARC21/slim http://www.loc.gov/standards/marcxml/schema/MARC21slim.xsd"
    xmlns="http://www.loc.gov/MARC21/slim">

  <leader>00882nam a22002537a 4500</leader>
  <controlfield tag="005">20170123162303.0</controlfield>
  <datafield tag="010" ind1=" " ind2=" ">
    <subfield code="a">A-880684</subfield>
  </datafield>
  <datafield tag="020" ind1=" " ind2=" ">
    <subfield code="c">30.00</subfield>
  </datafield>
  <datafield tag="035" ind1=" " ind2=" ">
    <subfield code="a">A-880684</subfield>
  </datafield>
  <datafield tag="037" ind1=" " ind2=" ">
    <subfield code="b">Cen Lib/Ret</subfield>
  </datafield>
  <datafield tag="040" ind1=" " ind2=" ">
    <subfield code="a">DPL</subfield>
    <subfield code="b">UR</subfield>
  </datafield>
  <datafield tag="082" ind1=" " ind2=" ">
    <subfield code="a">841.08</subfield>
    <subfield code="b">&#x627; &#x644; &#x637;</subfield>
  </datafield>
  <datafield tag="100" ind1=" " ind2=" ">
    <subfield code="a">&#x627;&#x644;&#x637;&#x627;&#x641; &#x62D;&#x633;&#x633;&#x6CC;&#x6BA; &#x6C1;&#x627;&#x644;&#x6CC; </subfield>
    <subfield code="9">139639</subfield>
  </datafield>
  <datafield tag="245" ind1=" " ind2=" ">
    <subfield code="a">&#x627;&#x631;&#x62F;&#x648; &#x641;&#x6A9;&#x634;&#x646; &#x627;&#x648;&#x631; &#x633;&#x646;&#x6CC;&#x645;&#x627;  /</subfield>
    <subfield code="c">&#x627;&#x644;&#x637;&#x627;&#x641; &#x62D;&#x633;&#x633;&#x6CC;&#x6BA; &#x6C1;&#x627;&#x644;&#x6CC; </subfield>
  </datafield>
  <datafield tag="246" ind1=" " ind2=" ">
    <subfield code="b">Urdu fiction aur cinema /</subfield>
    <subfield code="a">by Altaf Hussain Hali</subfield>
  </datafield>
  <datafield tag="260" ind1=" " ind2=" ">
    <subfield code="a">&#x62F;&#x6C1;&#x644;&#x6CC; </subfield>
    <subfield code="b">&#x627;&#x6CC;&#x688;&#x648;&#x6A9;&#x634;&#x646;&#x644; &#x67E;&#x628;&#x644;&#x634;&#x646;&#x6AF; &#x6C1;&#x627;&#x624;&#x633; </subfield>
    <subfield code="c">1992</subfield>
  </datafield>
  <datafield tag="270" ind1=" " ind2=" ">
    <subfield code="b">&#x62F;&#x6C1;&#x644;&#x6CC; </subfield>
    <subfield code="a">&#x663;&#x661;&#x660;&#x667;&#x60C; &#x648;&#x6A9;&#x6CC;&#x644; &#x633;&#x679;&#x631;&#x6CC;&#x679;&#x60C; &#x6A9;&#x686;&#x6BE; &#x67E;&#x646;&#x688;&#x62A;&#x60C; &#x644;&#x627;&#x644; &#x6A9;&#x627;&#x646; </subfield>
    <subfield code="e">110006</subfield>
  </datafield>
  <datafield tag="300" ind1=" " ind2=" ">
    <subfield code="a">240p.</subfield>
    <subfield code="c">18cm(Hb)</subfield>
  </datafield>
  <datafield tag="650" ind1=" " ind2=" ">
    <subfield code="a">&#x627;&#x631;&#x62F;&#x648; &#x627;&#x62F;&#x628; </subfield>
    <subfield code="9">139640</subfield>
  </datafield>
  <datafield tag="650" ind1=" " ind2=" ">
    <subfield code="a">&#x627;&#x631;&#x62F;&#x648; &#x641;&#x6A9;&#x634;&#x646; </subfield>
    <subfield code="9">139641</subfield>
  </datafield>
  <datafield tag="650" ind1=" " ind2=" ">
    <subfield code="a"> Urdu literature </subfield>
    <subfield code="9">139642</subfield>
  </datafield>
  <datafield tag="650" ind1=" " ind2=" ">
    <subfield code="a">Urdu fiction </subfield>
    <subfield code="9">549</subfield>
  </datafield>
  <datafield tag="942" ind1=" " ind2=" ">
    <subfield code="2">ddc</subfield>
    <subfield code="c">UR</subfield>
    <subfield code="h">847.08</subfield>
    <subfield code="m">&#x627; &#x644; &#x637;</subfield>
  </datafield>
  <datafield tag="999" ind1=" " ind2=" ">
    <subfield code="c">106097</subfield>
    <subfield code="d">106097</subfield>
  </datafield>
  <datafield tag="952" ind1=" " ind2=" ">
    <subfield code="0">0</subfield>
    <subfield code="1">0</subfield>
    <subfield code="4">0</subfield>
    <subfield code="7">0</subfield>
    <subfield code="a">L</subfield>
    <subfield code="b">L</subfield>
    <subfield code="d">2015-12-14</subfield>
    <subfield code="e">Cen Lib/Ret</subfield>
    <subfield code="g">30.00</subfield>
    <subfield code="l">1</subfield>
    <subfield code="o">841.08 &#x627; &#x644; &#x637;</subfield>
    <subfield code="p">A-880684</subfield>
    <subfield code="r">2019-01-02 00:00:00</subfield>
    <subfield code="s">2018-12-21</subfield>
    <subfield code="t">1</subfield>
    <subfield code="v">30.00</subfield>
    <subfield code="w">2015-12-14</subfield>
    <subfield code="y">UR</subfield>
  </datafield>
</record>
